| 000 | 00359nam a22000977a 4500 | ||
|---|---|---|---|
| 008 | 230817b |||||||| |||| 00| 0 eng d | ||
| 040 |
_aNational Science Library _cNational Science Library |
||
| 245 | _aTechnical papers division of chemical technology (CSIRO) | ||
| 260 |
_aAustralia: _bCommonwealth Scientific and Industrial Research Organization, |
||
| 942 | _cCR | ||
| 999 |
_c58959 _d58959 |
||